000 00531nam a2200169Ia 4500
999 _c678
_d678
003 0100
008 130227s9999 xx 000 0 und d
040 _cARRUPELIB
050 _aBV4460.7.C543
100 _aChitando, Ezra
_918721
245 _aLiving with hope
_bAfrican churches and HIV/AIDS
_cEzra Chitando
260 _aGeneva
_bWCC Publications
_c2007
300 _a89p.
_c 23 cm.
650 _bChurch work with AIDS patients
_96346
650 _aAIDS (Disease). Patients; Pastoral counseling of
_949652
942 _2lcc
_01
_cMONOGRAPH